Automatizovaný systém prototypových skúšok oblúkových zváracích poloautomatov

Bibliographic Details
Main Author: Senčák, Vladimír (Author)
Format: Article
Language:Slovak
PhysicalDescription:Tab. 1, lit. 2 zázn. v slov.
ISSN:0044-5525
Subjects:

MARC

LEADER 00000nab a2200000 a 4500
001 vtls000536963
003 SK-MaSNL
005 20260304094526.0
008 250425c1994 xo 0 slo
015 |a SNBRB19rr/mm-uuuuu 
035 |a CL0537101 
035 |a urn:nbn:sk:snk-ab6psf 
035 |a (uuid)28f27df7-57b9-4db7-9475-a3fe9b1f2ded 
035 |a (urnnbn)urn:nbn:sk:snk:ar-005r47 
035 |a (sysno)vtls000536963 
040 |a SNKBUCL  |b slo  |c SNKBUCL  |e AACR2 
041 0 |a slo 
044 |a xo  |c SK 
080 |a 621.791.75.037.08-52  |2 1981 
100 1 |a Senčák, Vladimír  |4 aut  |9 951488 
245 1 0 |a Automatizovaný systém prototypových skúšok oblúkových zváracích poloautomatov  |c Vladimír Senčák 
300 |b Tab. 1, lit. 2 zázn. v slov. 
500 |a Na dok. chybne ISSN 
650 0 7 |a poloautomaty zváracie oblúkové  |2 snkbucl  |9 1182605 
655 7 |a články z novín a časopisov  |2 snkbucl  |9 267496 
773 0 |t Zváranie  |g Roč. 43, č. 11 (1994), s. 302-304  |x 0044-5525 
850 |a Slovenská národná knižnica 
852 |a Slovenská národná knižnica 
954 |a odborná, vedecká literatúra pôvodná (slovenská)  |2 lita 
958 |a article 
958 |a OND 
958 |a RK 
958 |a EUIPO 
992 |a RBX 
999 |c 2827633  |d 2829563